Fr. Conceicao Rodrigues College of Engineering

Know the television (Record no. 26089)

MARC details
000 -LEADER
fixed length control field 00327nam a2200145Ia 4500
082 ## - DEWEY DECIMAL CLASSIFICATION NUMBER
Classification number 621.38
100 ## - MAIN ENTRY--PERSONAL NAME
Personal name Shahani/ D.C.
245 ## - TITLE STATEMENT
Title Know the television
260 ## - PUBLICATION, DISTRIBUTION, ETC.
Name of publisher, distributor, etc. Principal D.C. Shahani
Place of publication, distribution, etc. Nagpur
Date of publication, distribution, etc. 1980
300 ## - PHYSICAL DESCRIPTION
Extent 304
546 ## - LANGUAGE NOTE
Language note ENGLISH
650 ## - SUBJECT ADDED ENTRY--TOPICAL TERM
Topical term or geographic name entry element Electrical Engineering
654 ## - SUBJECT ADDED ENTRY--FACETED TOPICAL TERMS
Focus term Television
942 ## - ADDED ENTRY ELEMENTS (KOHA)
Koha item type BOOK
Holdings
Withdrawn status Lost status Damaged status Not for loan Collection Home library Current library Date acquired Source of acquisition Cost, normal purchase price Inventory number Total Checkouts Full call number Barcode Date last seen Cost, replacement price Price effective from Koha item type
        AFT Fr. Agnel's C.Rodrigues College of Engineering Fr. Agnel's C.Rodrigues College of Engineering 17/03/2023 UBS 30.00 T-691   621.38 AFT3078 17/03/2023 30.00 17/03/2023 BOOK